| 000 | 00857cam a2200289 4500 | ||
|---|---|---|---|
| 001 | 29403 | ||
| 003 | BD-RjUL | ||
| 005 | 20211209051417.0 | ||
| 008 | 700725s1965 nyua s 001 0 eng | ||
| 035 | _a(BD-RjUL) 29488 | ||
| 040 |
_aDLC _cDLC _dDLC _dDLC _dBD-RjUL _beng |
||
| 041 | _aeng | ||
| 082 | 0 | 0 |
_a519.5 _bGUF 1965 |
| 100 | 1 |
_aGuilford, J. P. _q(Joy Paul), _d1897-1987. _95571 |
|
| 245 | 1 | 0 |
_aFundamental statistics in psychology and education / _cby J. P. Guilford. |
| 250 | _a4th ed. | ||
| 260 |
_aNew York : _bMcGraw-Hill, _c1965. |
||
| 300 |
_a605 p. : _billus. ; _c25 cm. |
||
| 490 | 0 | _aMcGraw-Hill series in psychology | |
| 504 | _aIncludes Index | ||
| 650 | 0 |
_aStatistics. _989669 |
|
| 650 | 0 |
_aEducational statistics. _95573 |
|
| 650 | 0 |
_aPsychometrics. _95211 |
|
| 942 |
_2ddc _cBK |
||
| 999 |
_c29403 _d29403 |
||